Sports Quiz

Random Sports or Olympics Quiz
Score 0/16 Timer 08:00
0 Plays Today
2012 Olympic Team Player % Correct
RussiaAndrei Kirilenko
72.8%
SpainRudy Fernandez
59.3%
SpainJuan Carlos Navarro
59.3%
ArgentinaAndres Nocioni
55.6%
SpainSergio Rodriguez
46.9%
ChinaWang Zhizhi
44.4%
ChinaSun Yue
35.8%
AustraliaDavid Andersen
34.6%
2012 Olympic Team Player % Correct
LithuaniaSarunas Jasikevicius
32.1%
FranceMickael Gelabale
29.6%
RussiaViktor Khryapa
28.4%
Great BritainPops Mensah-Bonsu
22.2%
LithuaniaDarius Songaila
22.2%
RussiaSergei Monia
21%
NigeriaIke Diogu
19.8%
NigeriaOlumide Oyedeji
4.9%
Remove Ads.
Support Sporcle.
Get the best of Sporcle when you Go Orange. This ad-free experience offers more features, more stats, and more fun while also helping to support Sporcle. Thank you for becoming a member.

You're not logged in!

Compare scores with friends on all Sporcle quizzes.
OR
Log In

Show Comments

Extras

Top Quizzes Today


Score Distribution

Your Account Isn't Verified!

In order to create a playlist on Sporcle, you need to verify the email address you used during registration. Go to your Sporcle Settings to finish the process.

Report this User

Report this user for behavior that violates our Community Guidelines.

Details: